Recuperar herramientas para recrear el mercado (Registro nro. 18213)

Detalles MARC
000 -LEADER
fixed length control field 00333 a2200109 4500
001 - CONTROL NUMBER
control field ART_13067
005 - DATE AND TIME OF LATEST TRANSACTION
control field 20260410161735.0
008 - FIXED-LENGTH DATA ELEMENTS--GENERAL INFORMATION
fixed length control field 260409a
100 1# - MAIN ENTRY--PERSONAL NAME
Personal name Carballo, Carlos
245 10 - TITLE STATEMENT
Title Recuperar herramientas para recrear el mercado
773 0# - HOST ITEM ENTRY
Title Ejecutivos de finanzas
Related parts - Año 7, Nº 65 (may. 1990)
Record control number REV2863

No hay ítems disponibles.